| 000 | 00372nam a2200121Ia 4500 | ||
|---|---|---|---|
| 008 | 230907s9999||||xx |||||||||||||| ||und|| | ||
| 082 | _a808.0666,FIN | ||
| 100 |
_aFinkelstein, Leo, _9115259 |
||
| 245 | 0 | _aPocket book of technical writing for engineers and scientists / | |
| 260 |
_aMcGraw-Hill Higher Education, _bBoston : _c2005 |
||
| 300 | _axxi, 362 p. : | ||
| 942 | _cBK | ||
| 999 |
_c597973 _d597973 |
||